Normal view
MARC view
Entry Personal Name
001 - CONTROL NUMBER
- control field: 554645
003 - CONTROL NUMBER IDENTIFIER
- control field: OSt
005 - DATE AND TIME OF LATEST TRANSACTION
- control field: 20220930094156.0
008 - FIXED-LENGTH DATA ELEMENTS
- fixed length control field: 220930|| aca||aabn | a|a d
040 ## - CATALOGING SOURCE
- Original cataloging agency: OSt
- Transcribing agency: OSt
100 ## - HEADING--PERSONAL NAME
- Personal name: Tarannum Shaheen Au
670 ## - SOURCE DATA FOUND
- Source citation: Work cat.: (OSt)886684: Tarannum Shaheen Au., Rajinder Singh Bedi ke dramon mein taanisi fikr wo phan Shaheen Tarannum, 2018
